Soveršenstvovanije sistemy finansirovanija investicionnoj dejatel'nosti.

Rozdrobenosť investičných prostriedkov ako hlavná príčina zvyšovania rozostavanosti. Nevyhnutnosť prechodu na úverové metódy financovania investícií. Prednosti dlhodobého úverovania investícií a bankovej kontroly investičnej činnosti. Faktory efektívnejšieho využívania úverových investičných prostri...

Full description

Saved in:
Bibliographic Details
Main Author: Mišin, G.I
Other Authors: Nikologorskij, D.Ju
Format: Book Chapter
Language:Russian
Subjects:
Tags: Add Tag
No Tags, Be the first to tag this record!

MARC

LEADER 00000naa a2200000 4500
001 r001202
005 20220819192836.1
041 0 |a rus 
044 |a [SU] 
245 1 0 |a Soveršenstvovanije sistemy finansirovanija investicionnoj dejatel'nosti.  |c G.I. Mišin, D.Ju. Nikologorskij 
520 |a Rozdrobenosť investičných prostriedkov ako hlavná príčina zvyšovania rozostavanosti. Nevyhnutnosť prechodu na úverové metódy financovania investícií. Prednosti dlhodobého úverovania investícií a bankovej kontroly investičnej činnosti. Faktory efektívnejšieho využívania úverových investičných prostriedkov. Štátne priority v investičnej výstavbe. Štátne subvencie podnikových investícií. 
610 2 0 |a financovanie investícií 
610 2 0 |a úverovanie 
610 2 0 |a kontrola banková 
610 2 0 |a výstavba investičná 
610 2 0 |a subvencie 
610 2 0 |a podnik 
610 2 0 |a ZSSR 
100 1 |a Mišin, G.I. 
700 1 |a Nikologorskij, D.Ju.